00321nam a2200109Ia 4500008004100000040001700041041001200058082001600070100001400086245010000100300001100200230917s9999||||xx |||||||||||||| ||und|| e158345aMAIN aEnglish a576.5 N292A aNeelkamal 0aAnalysis of down syndrome patients from Haryana using cytogenetic approach: A prospective study a163 p.